00750cam a2200217u 45000010008000000030004000080050017000120080041000290100017000700400019000870500016001061000063001222450045001852600042002303000027002726500037002999060045003369420012003819990017003939520122004106079298OSt20220918175935.0830302s1957 maua 000 0 eng  a 59028518  aDLCcCarPdDLC00aBX2385b.A61 aAlberione Giacomo Giuseppe,d1884- [from old catalog]922810aReligious life: life of courageous souls a[Boston?]bSt. Paul Editionsc[c1957] a107 p.billus.c22 cm. 0aMonastic and religious life.949 a0bcbccpremunvduencipf19gy-gencatlg 2ddccBK c37482d37482 00102ddc4061111111_00000000000000071aPAULUSbPAULUSd2012-04-11l0o1111111r2012-04-11 00:00:00w2012-04-11yBK